Green Day - 1039/Smoothed Out Slappy Hours Songs - Statistics

General Stats
  • This quiz has been taken 89 times
  • The average score is 16 of 19
Answer Stats
Listens Song % Correct
5,673,487 At The Library
100%
4,199,738 Green Day
92%
1,896,489 409 In Your Coffeemaker
88%
2,164,521 Dry Ice
88%
2,466,861 Knowledge
88%
3,802,044 Paper Lanterns
88%
1,409,303 Rest
88%
1,896,564 1000 Hours
85%
2,411,379 16
85%
6,209,310 Going To Pasalacqua
85%
2,070,741 The Judge's Daughter
85%
2,855,617 Disappearing Boy
81%
2,661,636 Don't Leave Me
81%
2,494,960 I Was There
81%
1,626,145 Road To Acceptance
81%
1,539,174 The One I Want
81%
2,071,774 Why Do You Want Him?
81%
1,693,321 I Want To Be Alone
77%
2,379,825 Only Of You
77%
No matching quizzes found
Score Distribution
Percent of People with Each Score
Percentile by Number Answered
Your Score History
You have not taken this quiz